=LDR 00000nam 2200000 4500 =001 INLIS000000000057111 =005 20201202014119 =035 ##$$a 0010-1220000012 =007 ta =008 201202###########################0###### =020 ##$$a 978-602-98587-0-9 =082 ##$$a 746.495 985 2 =084 ##$$a 746.495 985 2 Sin s2 =245 1#$$a Salungka Pa'a : $b Ragam Khas kain Tradisional Masyarakat Dompu Kultur Kain Tenun Songket Dompu =250 ##$$a cet. 1 =300 ##$$a v. 50 halaman ; $c 24 cm =600 #4$$a Salungka Pa'a, Pakaian Daerah - Dompu =264 ##$$a Lombok Barat :$b CV. Rossamari Sentausa,$c 2011 =336 ##$$a Teks$2 rdacontent =337 ##$$a Buku$2 rdamedia =338 ##$$a lain-lain$2 rdacarrier =990 ##$$a 05710571 =990 ##$$a 35753575 =990 ##$$a 35763576 =990 ##$$a 35773577 =990 ##$$a 35783578 =990 ##$$a 053/41/2012 =990 ##$$a 3202003574 =990 ##$$a 3202003575 =990 ##$$a 3202003576 =990 ##$$a 3202003577 =990 ##$$a 053/41/2012 =990 ##$$a 3202003574 =990 ##$$a 3202003575 =990 ##$$a 3202003576 =990 ##$$a 053/41/2012 =990 ##$$a 053/41/2012 =990 ##$$a 3202003574 =990 ##$$a 3202003575 =990 ##$$a 053/41/2012 =990 ##$$a 053/41/2012 =990 ##$$a 053/41/2012 =990 ##$$a 3202003574 =990 ##$$a 053/41/2012 =990 ##$$a 053/41/2012 =990 ##$$a 053/41/2012 =990 ##$$a 053/41/2012 =990 ##$$a 053/41/2012 =990 ##$$a 053/41/2012 =990 ##$$a 053/41/2012 =990 ##$$a 053/41/2012